| 000 | 00472nam a2200181Ia 4500 | ||
|---|---|---|---|
| 001 | 14076 | ||
| 005 | 20260306164847.0 | ||
| 008 | 260306t2017||||xx |||||||||||||| ||spa|| | ||
| 041 | _aESP | ||
| 082 |
_a006.31 _bW942 |
||
| 100 |
_aWickham, Hadley _eAUT |
||
| 245 | 0 |
_aR for data science: _bimport, tidy, transform, visualize, and model data |
|
| 260 | _c2017 | ||
| 300 |
_axxiv, 492 páginas : _c23 cm. |
||
| 650 | _aGEN | ||
| 654 | _aCCC | ||
| 942 |
_cLIB _dJUS _fJUS _2ddc _n |
||
| 999 |
_c14076 _d14076 |
||